Music Quiz

Random Music or Lyrics Quiz

'I need your love' Lyrics by Calvin Harris Quiz Stats

 Plays Quiz not verified by Sporcle

Also try: Songs by Subject
Challenge
Share
Tweet
Embed
Score 0/278 Timer 10:00
0 Plays Today
% Correct
I
99.4%
I
99.4%
I
99.4%
I
99.4%
I
99.4%
I
99.4%
I
99.4%
I
99.4%
I
99.4%
I
99.4%
I
99.4%
I
99.4%
I
99.4%
I
99.4%
I
99.4%
I
99.4%
I
99.4%
I
99.4%
I
99.4%
I
99.4%
I
99.4%
I
99.4%
I
99.4%
I
99.4%
I
99.4%
I
99.4%
I
99.4%
[CHORUS]
99.4%
I
99.4%
I
99.4%
I
99.4%
I
99.4%
I
99.4%
you
99%
you
99%
you
99%
you
99%
you
99%
you
99%
you
99%
you.
99%
you
99%
you
99%
you
99%
need
98.6%
your
98.6%
need
98.6%
your
98.6%
need
98.6%
need
98.6%
your
98.6%
need
98.6%
your
98.6%
your
98.6%
your
98.6%
need
98.6%
your
98.6%
need
98.6%
your
98.6%
need
98.6%
need
98.6%
your
98.6%
need
98.6%
your
98.6%
your
98.6%
need
98.6%
your
98.6%
need
98.6%
your
98.6%
need
98.6%
love,
98.4%
love.
98.4%
love.
98.4%
love,
98.4%
love.
98.4%
love.
98.4%
love,
98.4%
When
95.5%
it
95.5%
ever
95.5%
When
95.5%
it
95.5%
ever
95.5%
it
95.5%
When
95.5%
it
95.5%
time.
95.3%
time
95.3%
time.
95.3%
time.
95.3%
make
94.1%
make
94.1%
make
94.1%
% Correct
make
94.1%
right.
93.7%
right.
93.7%
right.
93.7%
to
93.3%
to
93.3%
to
93.3%
to
93.3%
to
93.3%
to
93.3%
to
93.3%
wrong
93.2%
wrong
93.2%
wrong
93.2%
every
93%
a
91.6%
a
91.6%
be
91%
be
91%
be
91%
everything's
90.8%
everything's
90.8%
everything's
90.8%
feel
89.6%
so
89.6%
with
89.6%
feel
89.6%
so
89.6%
with
89.6%
feel
89.6%
feel
89.6%
so
89.6%
with
89.6%
feel
89.6%
so
89.6%
with
89.6%
feel
89.6%
feel
89.6%
so
89.6%
tonight.
88.1%
tonight.
88.1%
alive.
86.3%
alive.
86.3%
alive.
86.3%
come
86.1%
free
86.1%
come
86.1%
free
86.1%
come
86.1%
free.
86.1%
high,
84%
high,
84%
high,
84%
the
80.2%
the
80.2%
the
80.2%
the
80.2%
the
80.2%
the
80.2%
the
80.2%
the
80.2%
the
80.2%
do
78.7%
Do
78.7%
do
78.7%
me,
76.9%
me
76.9%
me,
76.9%
me
76.9%
in
76.7%
in
76.7%
in
76.7%
in
76.7%
see
70.3%
you're
70.1%
you're
70.1%
my
69.7%
my
69.7%
my
69.7%
my
69.7%
my
69.7%
and
68.9%
and
68.9%
And
68.9%
And
68.9%
and
68.9%
And
68.9%
And
68.9%
know
67.7%
know
67.7%
can't
67.1%
we
65.8%
eyes
65.6%
% Correct
same?
65.6%
eyes
65.6%
same?
65.6%
eyes
65.6%
eyes
65.6%
but
65%
but
65%
but
65%
arms
64.8%
arms
64.8%
again.
64.4%
again.
64.4%
Hold
63.8%
Hold
63.8%
door.
61.8%
that
60.9%
now?
59.7%
now
59.7%
now
59.7%
now
59.7%
there
59.1%
here.
59.1%
here.
59.1%
anymore,
58.5%
Tell
58.5%
Tell
58.5%
take
57.9%
dark.
56.8%
are
56.8%
are
56.8%
are
56.8%
are
56.8%
breath
56.2%
I'm
55.4%
deep
55.2%
I've
55%
I've
55%
been
54.8%
been
54.8%
been
54.8%
apart,
54.6%
fell
54%
fear.
53%
fear.
53%
reason
51.5%
since
51.5%
is
51.5%
filled
50.1%
filled
50.1%
that's
49.7%
helpless
49.5%
helpless
49.5%
All
49.5%
all
49.5%
all
49.5%
all
49.5%
all
49.5%
never
47.9%
never
47.9%
heart
47.6%
stranger
47.4%
Watch,
47.4%
Watch,
47.4%
out
46.4%
not
46.4%
open,
45%
open.
45%
what
44.8%
pass
44.2%
Will
42.9%
try
42.1%
find
41.5%
walk
39.9%
strong.
39.7%
I'll
39.1%
circles
38.2%
Am
37.6%
years,
36.8%
figure
36.2%
mean
35%
fight
34.8%
times,
34.4%
have
34.2%
tears,
34.2%
belong?
32.9%
dreaming?
30.9%
blame.
30.5%
change.
29.7%
trying
27.2%
closing.
26%
lies,
25.4%
waste,
10.6%

You're not logged in!

Compare scores with friends on all Sporcle quizzes.
OR
Log In

You Might Also Like...

Show Comments

Extras

Top Quizzes Today


Score Distribution

Your Account Isn't Verified!

In order to create a playlist on Sporcle, you need to verify the email address you used during registration. Go to your Sporcle Settings to finish the process.

Report this User

Report this user for behavior that violates our Community Guidelines.

Details: